000 00428cam a2200145 4500500
005 20251012032622.0
041 _afre
042 _adc
100 1 0 _aQuint, Anne-Marie
_eauthor
245 0 0 _aComment fuir la clarté…
260 _c2008.
500 _a20
786 0 _nSigila | 21 | 1 | 2008-06-20 | p. 191-197 | 1286-1715
856 4 1 _uhttps://shs.cairn.info/revue-sigila-2008-1-page-191?lang=fr&redirect-ssocas=7080
999 _c1547843
_d1547843